La cultura popular en un texto de Virgilio A. Mora R.

Gespeichert in:
Bibliographische Detailangaben
1. Verfasser: Castro Salazar, Maritza
Format: Buch
Sprache:Undetermined
Veröffentlicht: San José, Costa Rica Universidad de Costa Rica, Facultad de Letras, Escuela de Filología, Literatura y Lingüística, 1988
Schlagworte:
Tags: Tag hinzufügen
Keine Tags, Fügen Sie den ersten Tag hinzu!

MARC

LEADER 00000nam a2200000Ia 4500
008 170316s9999 xx 000 0 und d
999 |c 14162  |d 14162 
040 |a cru BVZT 
090 |a Tesis 512 
100 |a Castro Salazar, Maritza 
245 |a La cultura popular en un texto de Virgilio A. Mora R. 
260 |a San José, Costa Rica  |b Universidad de Costa Rica, Facultad de Letras, Escuela de Filología, Literatura y Lingüística,  |c 1988 
300 |a 246 páginas 
650 |a LICENCIATURA EN FILOLOGÍA ESPAÑOLA 
650 |a TRABAJO FINAL DE GRADUACIÓN  |9 237 
942 |c TFG  |h Tesis 512  |2 z